000 00968nam a22002777a 4500
001 1493
003 CO-MdFUSB
005 20240531062735.0
008 170404t1991 xxu||||| |||| 00| 0 eng d
020 _a0-89693-935-9
040 _aCO-MdFUSB
_bspa
_cCO-MdFUSB
_dCO-MdFUSBC
_erda
041 0 _aeng
082 0 4 _aG 208.664 C7558h
100 1 _aConsiglio, William
_eautor
245 1 0 _aHomosexual no more
_b : practical strategies for Christians overcoming homosexuality
_c / William Consiglio
264 4 _aWheaton, ILL., USA :
_b Victor,
_c©1991
300 _a204 Pag.
336 _2rdacontent
_a1
_ba1
337 _2rdamedia
_a2
_b5
338 _2rdacarrier
_a2
_b5
501 _aRústico
505 0 0 _aConsejos para homosexuales y sus consejeros - Cómo superar preferencias homosexuales con fe - Lo que la Biblia dice acerca de la homosexualidad
650 7 _aCristianismo
_2
_922
653 _aHomosexualidad - Aspectos religiosos - Cristianismo
942 _cBK
999 _c32813
_d32813